书目信息 |
| 题名: |
望湘楼诗文集
|
|
| 作者: | 李稚农 著 | |
| 分册: | ||
| 出版信息: | 北京 中国文联出版公司 2004.08 |
|
| 页数: | 267页 | |
| 开本: | 20cm | |
| 丛书名: | ||
| 单 册: | ||
| 中图分类: | I227 | |
| 科图分类: | ||
| 主题词: | 诗歌--中国 , 韵文--中国 | |
| 电子资源: | ||
| ISBN: | 7-5059-4734-6 | |
| 000 | 00565nam0 2200205 450 | |
| 001 | 0431013780 | |
| 005 | 20041228083845.28 | |
| 010 | @a7-5059-4734-6@dCNY 28.60 | |
| 100 | @a20041228d2004 km y0chiy0120 ea | |
| 101 | 0 | @achi |
| 102 | @aCN@b110000 | |
| 200 | 1 | @a望湘楼诗文集@Awang xiang lou shi wen ji@f李稚农著@Fli zhi nong zhu |
| 210 | @a北京@c中国文联出版公司@d2004.08 | |
| 215 | @a267页@d20cm | |
| 606 | 0 | @a诗歌@x中国 |
| 606 | 0 | @a韵文@x中国 |
| 690 | @aI227@v3 | |
| 701 | 0 | @a李稚农@Ali zhi nong@4著 |
| 801 | 0 | @aCN@bPFT@c20041228 |
| 905 | @a10447@dI227@eL335 | |
| 望湘楼诗文集/李稚农著.-北京:中国文联出版公司,2004.08 |
| 267页;20cm |
| ISBN 7-5059-4734-6:CNY 28.60 |
| ● |
| 相关链接 |
|
|
|
正题名:望湘楼诗文集
索取号:I227/L335
 
预约/预借
| 序号 | 登录号 | 条形码 | 馆藏地/架位号 | 状态 | 备注 |
| 1 | 433737 | 204337379 | 文学库108/108文学库 18排6列4层/ [索取号:I227/L335] | 在馆 | |
| 2 | 433738 | 204337388 | 社科二线422/422社科库 19排2列1层/ [索取号:I227/L335] | 在馆 | |
| 3 | 433739 | 204337397 | 社科二线422/422社科库 19排2列1层/ [索取号:I227/L335] | 在馆 | |
| 4 | 433740 | 204337404 | 社科二线422/422社科库 19排2列1层/ [索取号:I227/L335] | 在馆 | |
| 5 | 433741 | 204337413 | 文学库108/108文学库 18排6列4层/ [索取号:I227/L335] | 在馆 | |
| 6 | 433742 | 204337422 | 社科二线422/422社科库 19排1列2层/ [索取号:I227/L335] | 在馆 | |
| 7 | 433743 | 204337431 | 社科二线400B/400B社科库 13排1列4层/ [索取号:I227/L335] | 在馆 | |
| 8 | 433744 | 204337440 | 文学库108/400B社科库 18排4列3层/ [索取号:I227/L335] | 在馆 | |
| 9 | 433745 | 204337459 | 社科二线422/422社科库 19排2列1层/ [索取号:I227/L335] | 在馆 | |
| 10 | 433746 | 204337468 | 社科二线422/422社科库 19排2列1层/ [索取号:I227/L335] | 在馆 |